Tribhuvan University Central Library

Irrigation system turnover; concept and process (Record no. 3647)

MARC details
000 -LEADER
fixed length control field 007470000a22002650004500
082 ## - DEWEY DECIMAL CLASSIFICATION NUMBER
Classification number 631.7
Item number Ir7i
-- N
041 ## - LANGUAGE CODE
Language code of text/sound track or separate title Eng
100 ## - MAIN ENTRY--PERSONAL NAME
Personal name Neupane, R. R. S.
110 ## - MAIN ENTRY--CORPORATE NAME
Corporate name or jurisdiction name as entry element Ministry of Water Resources, Dept. of Irrigation, Irrigation Maqnagement Project, Nepal
245 ## - TITLE STATEMENT
Title Irrigation system turnover; concept and process
260 ## - PUBLICATION, DISTRIBUTION, ETC. (IMPRINT)
Place of publication, distribution, etc Pokhara
Name of publisher, distributor, etc Irrigation Management Centre, Nepal
260 ## - PUBLICATION, DISTRIBUTION, ETC. (IMPRINT)
Date of publication, distribution, etc 1990
300 ## - PHYSICAL DESCRIPTION
Extent 11p.
440 ## - SERIES STATEMENT/ADDED ENTRY--TITLE
Title IMC Working Paper Series
-- 1
518 ## - DATE/TIME AND PLACE OF AN EVENT NOTE
Date/time and place of an event note 940119
530 ## - ADDITIONAL PHYSICAL FORM AVAILABLE NOTE
Additional physical form available note Rep
650 ## - SUBJECT ADDED ENTRY--TOPICAL TERM
Topical term or geographic name as entry element Irrigation systems
650 ## - SUBJECT ADDED ENTRY--TOPICAL TERM
Topical term or geographic name as entry element Irrigation
650 ## - SUBJECT ADDED ENTRY--TOPICAL TERM
Topical term or geographic name as entry element Technology transfer
650 ## - SUBJECT ADDED ENTRY--TOPICAL TERM
Topical term or geographic name as entry element Irrigation
650 ## - SUBJECT ADDED ENTRY--TOPICAL TERM
Topical term or geographic name as entry element Irrigation management
651 ## - SUBJECT ADDED ENTRY--GEOGRAPHIC NAME
Geographic name Nepal
650 ## - SUBJECT ADDED ENTRY--TOPICAL TERM
Topical term or geographic name as entry element Irrigation Management Project
942 ## - ADDED ENTRY ELEMENTS (KOHA)
Koha item type General Collections

No items available.